| 000 | 00768nam a2200301Ia 4500 | ||
|---|---|---|---|
| 005 | 20260401122309.0 | ||
| 008 | 008 250103s9999 xx 000 0 eng d | ||
| 020 | _a9780195690484 | ||
| 037 | _aTB | ||
| 040 | _aEDL | ||
| 040 | _beng | ||
| 040 | _cEDL | ||
| 041 | _2eng | ||
| 041 | _aeng | ||
| 084 | _a954.14 BHA | ||
| 084 | _qEDL | ||
| 100 |
_aBhattacharyya-Panda, Nandini _91233165 |
||
| 245 | 0 | _aAppropriation and Invention of Tradition: East India Company and Hindu Law in Early Colonial Bengal | |
| 245 | 0 | _cBhattacharyya-Panda, Nandini | |
| 260 | _aNew Delhi | ||
| 260 | _bOxford University Press | ||
| 260 | _c2008 | ||
| 300 | _a273p | ||
| 942 | _cTB | ||
| 942 | _h954.14 BHA | ||
| 999 |
_c1846316 _d1846316 |
||